Pays de l'UE - Mort subite - Statistiques

Statistiques générales
  • Ce quiz a été pris 3 793 fois
  • Le résultat moyen est 13 sur 27
Answers on the Grid
Answers color-coded by a green-red scale on the quiz's grid according to % correct below.
Albanie
Allemagne
Autriche
Belgique
Bosnie-Herzégovine
Bulgarie
Chypre
Croatie
Danemark
Espagne
Estonie
Finlande
France
Géorgie
Grèce
Hongrie
Irlande
Islande
Italie
Lettonie
Liechtenstein
Lituanie
Luxembourg
Macédoine du Nord
Malte
Moldavie
Monaco
Monténégro
Norvège
Pays-Bas
Pologne
Portugal
République tchèque
Roumanie
Royaume Uni
Serbie
Slovaquie
Slovénie
Suède
Suisse
Turquie
Ukraine
 
Statistiques - réponses
Réponse % Correct
Allemagne
93%
Belgique
83%
France
77%
Autriche
75%
Espagne
74%
Italie
66%
Grèce
64%
Croatie
58%
Danemark
55%
Irlande
50%
Finlande
46%
Pays-Bas
46%
Hongrie
45%
Estonie
43%
Luxembourg
43%
Portugal
42%
Bulgarie
41%
Pologne
40%
Lettonie
35%
Chypre
33%
Lituanie
32%
Malte
29%
République tchèque
27%
Suède
25%
Roumanie
24%
Slovaquie
22%
Slovénie
21%
Aucun quiz correspondant
Distribution des résultats
% des personnes avec chaque résultat
Percentile par nombre de réponses
Votre historique - résultats
Vous n’avez pas pris ce quiz